000 00514nam a22001937a 4500
005 20251108172600.0
008 250721s9999 xx 000 0 eng d
082 1 4 _a729HER
100 1 _aHerbert, Tony
245 1 4 _aThe Decorative Tile in Architecture and Interiors /
264 1 _aLondon :
_bPhaidon Press Limited,
300 _a240p
650 1 7 _aInteriors Decoration
650 1 7 _aBricke
650 1 7 _aHousing Design
700 1 _aHuggins, Kathryn
_eJoint Author
942 _2ddc
_cBK
999 _c83140
_d83140